| 000 | 02135nam0a2200373 i 4500 | ||
|---|---|---|---|
| 001 | RU\NLR\BIBL_A\011129279 | ||
| 005 | 20240921111519.0 | ||
| 010 |
_a9785914581630 _9100 |
||
| 021 |
_aRU _b2016-33437 _92147 |
||
| 035 | _a(NILC)RuMoRGB-008462922 | ||
| 035 | _a(NLR Aleph) 011129279 | ||
| 090 |
_a11558805 _c11558805 |
||
| 100 | _a20160516d2015 k y0rusy50 ca | ||
| 101 | 0 | _arus | |
| 102 | _aRU | ||
| 105 | _aab z 100yy | ||
| 200 | 1 |
_aПроблемы сохранения и рационального использования биоразнообразия Прикаспия и сопредельных регионов _eматериалы IX научно-практической конференции с международным участием, апрель 2015 г. _f[гл. ред.: Б. К. Салаев] |
|
| 210 |
_aЭлиста _cИзд-во Калмыцкого университета _d2015 |
||
| 215 |
_a99 с. _cил., карт. _d26 |
||
| 300 | _aВ надзаг.: Ассоц. ун-тов Прикаспийских государств, Калмыцкий гос. ун-т | ||
| 320 | _aБиблиогр. в конце ст. | ||
| 606 | 1 |
_aЭкологические системы _jСъезды, совещания и т.п _yПрикаспий _92207635 _3RU\NLR\AUTH\661326295 |
|
| 610 | 0 | _aбиоразнообразие Прикаспия | |
| 675 | _a574 | ||
| 686 | 1 | _aЕ081.819(27)я431 | |
| 686 | 1 | _aЕ082.159(27)я431 | |
| 701 | 1 |
_aСалаев _bБ. К. _f1966- _gБадма Катинович |
|
| 711 | 1 | 2 |
_a"Проблемы сохранения и рационального использования биоразнообразия Прикаспия и сопредельных регионов", научно-практическая конференция с международным участием _d9 _eЭлиста _f2015 _9517789 _3RU\NLR\AUTH\880426616 |
| 801 | 0 |
_aRU _bРГБ _c20160420 _gRCR |
|
| 801 | 1 |
_aRU _bРГБ _c20160420 _2rusmarc |
|
| 942 | _cBOOK | ||
| 980 | _aNBR | ||